Information for life cycle costing (Record no. 66440)

MARC details
000 -LEADER
fixed length control field 01395cam a2200229 4500
001 - CONTROL NUMBER
control field ABS63643
008 - FIXED-LENGTH DATA ELEMENTS--GENERAL INFORMATION
fixed length control field 000000n2001 000 0 eng u
035 ## - SYSTEM CONTROL NUMBER
System control number (Sirsi) u111495
100 ## - MAIN ENTRY--PERSONAL NAME
Personal name Martin, J.
245 ## - TITLE STATEMENT
Title Information for life cycle costing
260 ## - PUBLICATION, DISTRIBUTION, ETC.
Date of publication, distribution, etc. 2001
490 ## - SERIES STATEMENT
Series statement CSM (Chartered Surveyor Monthly)
Volume/sequential designation March 2001, 34-35(2)
520 ## - SUMMARY, ETC.
Summary, etc. There is an increasing need to analyse the life cycle costs of buildings from the earliest stage of a project. Pressure to do this is coming from a number of directions including recent government initiatives - PFI, Best Value tests and the "Rethinking Construction" report, and the private sector, which is demanding more predictability in the running costs of buildings. In this climate, provides guidance on where to obtain essential information on life cycle costing. Key sources noted include: the RICS guidance note on life-cycle costing and BCIS Online. A series of occupancy cost plans for typical buildings are also being produced by BMI. Includes graphs illustrating the information provided by BCIS Online, and a BMI occupancy cost plan. Provides a useful listing of other information sources on the subject.
590 ## - LOCAL NOTE (RLIN)
Local note ABS
650 ## - SUBJECT ADDED ENTRY--TOPICAL TERM
Topical term or geographic name entry element LIFE CYCLE COSTING
650 ## - SUBJECT ADDED ENTRY--TOPICAL TERM
Topical term or geographic name entry element BCIS ONLINE ONWEB
650 ## - SUBJECT ADDED ENTRY--TOPICAL TERM
Topical term or geographic name entry element BMI
650 ## - SUBJECT ADDED ENTRY--TOPICAL TERM
Topical term or geographic name entry element GUIDANCE
650 ## - SUBJECT ADDED ENTRY--TOPICAL TERM
Topical term or geographic name entry element RICS
690 ## - LOCAL SUBJECT ADDED ENTRY--TOPICAL TERM (OCLC, RLIN)
Topical term or geographic name as entry element BUILT ENVIRONMENT-BUILDING COSTS
942 ## - ADDED ENTRY ELEMENTS (KOHA)
Suppress in OPAC 0
Holdings
Withdrawn status Lost status Source of classification or shelving scheme Damaged status Not for loan Home library Current library Shelving location Date acquired Total Checkouts Full call number Barcode Date last seen Copy number Price effective from Koha item type
    Dewey Decimal Classification     London London Journal article 20/03/2001   ABS63643 111495-1001 06/08/2019 1 06/08/2019 Journal article